000
00294nam a22001337a 4500
008
170511b xxu||||| |||| 00| 0 eng d
020
_a
9780155926721
041
_a
eng
080
_a
34
100
_a
15
101
_a
SHJ
245
_a
UNDERSTANDING ARGUMENTS
_c
FOGELIN.R.J
942
_2
udc
_c
BK
999
_c
13140
_d
13140